Principles of optics: electromagnetic theory of propagation, interference and diffraction of light

Zapisane w:
Opis bibliograficzny
Główni autorzy: Born, Max (Autor), Wolf, Emil (Autor)
Format: Książka
Język:angielski
Wydane: Oxford Pergamon Press 1980
Wydanie:6a. ed
Hasła przedmiotowe:
Etykiety: Dodaj etykietę
Nie ma etykietki, Dołącz pierwszą etykiete!

MARC

LEADER 00000nam a2200000 a 4500
001 UCU7453
003 CL-VaPUC
008 960705e19800000UK |||||||||||||||||eng|d
082 0 4 |a 535  |b BOR  |2 21 
100 0 |a Born, Max  |e author  |9 366301 
700 0 |a Wolf, Emil  |e author  |9 366302 
245 1 0 |a Principles of optics: electromagnetic theory of propagation, interference and diffraction of light 
250 |a 6a. ed 
300 |a 808 p 
942 |c BK 
945 |d 19960705 00:00:00  |a rbrito 
260 |a Oxford  |b Pergamon Press  |c 1980 
650 0 |a Electromagnetismo   |9 260123 
650 0 |a Optica   |9 263171 
650 7 |a CRISTALES  |2 CL-VaPUC  |9 357403 
650 0 |a Luz  |9 263172 
650 7 |a FOTOMETRIA  |2 CL-VaPUC  |9 266495 
650 7 |a DIFRACCION DE LA LUZ  |2 CL-VaPUC  |9 366303 
650 7 |a REDES ULTRASONICA  |2 CL-VaPUC  |9 366304 
583 |a last modification  |c 19960705 00:00:00  |k Rodrigo Vera 
999 |c 250097  |d 250095 
952 |0 0  |1 0  |4 0  |6 535_000000000000000_BOR_1980  |7 0  |8 A  |9 267888  |a BIBCUR  |b BIBCUR  |d 2019-11-19  |i 3209466  |l 1  |m 1  |o 535 BOR 1980  |p 3209466  |r 2025-04-22  |s 2023-04-26  |w 2019-11-19  |y BK  |k BCB